Safety Risk Management-Integrating Economic And Safety Perspectives (Record no. 569128)

MARC details
000 -LEADER
fixed length control field 00442nam a2200157Ia 4500
008 - FIXED-LENGTH DATA ELEMENTS--GENERAL INFORMATION
fixed length control field 250326s9999 xx 000 0 und d
020 ## - INTERNATIONAL STANDARD BOOK NUMBER
ISBN 9783110633788
082 ## - DEWEY DECIMAL CLASSIFICATION NUMBER
Classification number 658.155
Item number ENG
100 ## - MAIN ENTRY--AUTHOR NAME
Personal name Engemann, Kurt J. / Abrahamsen, Eirik B.
245 #0 - TITLE STATEMENT
Title Safety Risk Management-Integrating Economic And Safety Perspectives
260 ## - PUBLICATION, DISTRIBUTION, ETC. (IMPRINT)
Name of publisher De Gruyter
Year of publication 2020
300 ## - PHYSICAL DESCRIPTION
Number of Pages 232
650 ## - SUBJECT ADDED ENTRY--TOPICAL TERM
Topical Term Economics
942 ## - ADDED ENTRY ELEMENTS (KOHA)
Koha item type English Books

No items available.

Find us on the map